000
00244nam a22001097a 4500
008
180802b xxu||||| |||| 00| 0 eng d
082
_a
813.52
245
_a
Ethnic Notions
_c
Riggs,M
260
_c
1987
300
_a
1
_f
Cassette
942
_2
ddc
_c
MX
999
_c
46737
_d
46737